160 epeistes de fiction - Statistiques

Statistiques générales
  • Ce quiz a été pris 23 fois
  • Le résultat moyen est 45 sur 160
Statistiques - réponses
Hint Réponse % Correct
Fire Force Arthur Boyle
85%
Kaamelot Arthur Pendragon
85%
Les 3 Mousquetaires D'artagnan
85%
Zorro Zorro /Don Diego Delavega
85%
Star Wars Dark Vador
75%
Attaque des Titans Eren Jeager
75%
The Legend of Zelda Link
75%
Mulan Mulan
75%
One Piece Roronoa Zoro
75%
Seigneur des Anneaux Aragorn
70%
Star Wars Anakin Skywalker
65%
Attaque des Titans Armin Arlelt
65%
Attaque des Titans Livai Ackerman /Levi
65%
Star Wars Luke Skywalker
65%
Attaque des Titans Mikasa Ackerman
65%
Star Wars Obi Wan Kenoby
65%
Les 3 Mousquetaires Aramis
55%
Peter Pan Capitaine Crochet
55%
Bleach Ichigo Kurosaki
55%
Pirate des Caraibes Jack Sparrow
55%
Percy Jackson Luke
55%
Star Wars Yoda
55%
Les 3 Mousquetaires Atos
50%
One Piece Dracule Mihawk
50%
Attaque des Titans Erwin Smith
50%
Trone de Fer Jaime Lannister
50%
Trone de Fer John Snow
50%
Sword Art Online Kirito
50%
Percy Jackson Percy Jackson
50%
Demon Slayer Tanjiro Kamado
50%
Hyrule Warrior Zelda
50%
Soul Eater Black Star
45%
Fairy Tail Erza Scarlet
45%
The Legend of Zelda: Twilight Princess Ganondorf
45%
Demon Slayer Inosuke Hashibira
45%
Attaque des Titans Sasha Braus
45%
Akame Ga Kill Akame
40%
Le Hobbit Bilbon Sacquet
40%
Bleach Gin Ichimaru
40%
Naruto Kisame Hoshigaki
40%
Les 3 Mousquetaires Porthos
40%
Naruto Sasuke Uchiha
40%
Demon Slayer Zenitsu Agatsuma
40%
Star Wars Dark Maul
35%
Trone de Fer Eddard Stark
35%
Hobbit/Seigneur des Anneaux Gandalf
35%
Attaque des Titans Jean Kirstein
35%
Kenshin le Vagabond Kenshin Himura
35%
Blue Exorcist Rin Okomura
35%
Bleach Rukia Kuchiki
35%
Dragon Ball Trunks
35%
The Legend of Zelda : Breath of the Wild Urbosa
35%
Naruto Zabuza momochi
35%
D.Gray-Man Allen Walker
30%
Trone De Fer Arya Stark
30%
Sword Art Online Asuna
30%
Final Fantasie Cloud
30%
The Legend of Zelda: Breath of the Wild Daruk
30%
Bleach Sosuke Aizen
30%
One Piece Fujitora
30%
Berserk Guts
30%
Demon Slayer Kyojuro Rengoku
30%
Kirby Meta Knight
30%
Demon Slayer Mitsuri Kanroji
30%
Demon Slayer Muichiro Tokito
30%
Attaque des Titans Reiner Braun
30%
Bleach Renji Abarai
30%
One Punch Man Sonic le Foudroyant
30%
Shaman King Bokuto no Ryu
25%
Seigneur des Anneaux Boromir
25%
One Piece Brook
25%
Bleach Byakuya Kuchiki
25%
Attaque des Titans Conny Springer
25%
The Legend of Zelda: Skyward Sword Ghirahim
25%
Harry Potter Godric Gryffondor
25%
Attaque des Titans Hansi Zoe
25%
Hyrule Warrior Impa
25%
Fire Emblem Lucina
25%
Demon Slayer Obanai Iguro
25%
Raya et le Dernier Dragon Raya
25%
Demon Slayer Sanemi Shinazugawa
25%
Demon Slayer Shinobu Kocho
25%
Xenoblade Chronicles Shulk
25%
Demon Slayer Tengen Uzui
25%
Demon Slayer Tomioka GIyu
25%
Gintama Gintoki Sakata
20%
Fire Emblem Ike
20%
InuYasha InuYasha
20%
Naruto Killer Bee
20%
Star Wars Kylo Ren
20%
Fire Emblem Marth
20%
Kid Icarus Pit
20%
Fire Emblem Roy
20%
One Piece Shanks
20%
One Piece Trafalgar Law
20%
Demon Slayer Yoriichi Tsugikuni
20%
Fire Emblem Chrom
15%
Fire Emblem Corrin
15%
Akame Ga Kill Esdeath
15%
Berserk Grifith
15%
Demon Slayer Kokushibo
15%
Bleach Matsumoto Rangiku
15%
The Legend of Zelda: Breath of the Wild Ombre de Feu de Ganon
15%
The Legend of Zelda: Tears of the Kingdom Riju
15%
Fate Saber
15%
Trone de Fer Sandor Clegane /Le Limier
15%
Mulan Shan Yu
15%
My Hero Academia Stain
15%
Akame Ga Kill Tatsumi
15%
Le Hobbit Thorin
15%
Noragami Yato
15%
One Punch Man Atomic Samurai
10%
Kill Bill Beatrix kiddo
10%
Trone de Fer Brienne de Torth
10%
Fire Emblem Daraen
10%
Hunter X Hunter Feitan
10%
Bleach Genryusai Shigekuni Yamamoto
10%
Trone de Fer Joffrey Baratheon
10%
Demon Slayer Kanao Tsuyuri
10%
Fullmetal Alchemist King Bradley
10%
Akame Ga Kill Kurome
10%
The Legend of Zelda: Skyward Sword L'avatar du Neant
10%
Mulan Li Chang
10%
Soul Eater Mifune
10%
Hunter X Hunter Nobunaga
10%
Kid Icarus Pit Malefique
10%
Fire Force Sho Kusakabe
10%
Reborn Takeshi Yamamoto
10%
Marvel Thanos
10%
Bleach Toshiro Hitsugaya
10%
Akame Ga Kill Wave
10%
Bleach Yhwach
10%
Jujutsu Kaisen Yuta Okkotsu
10%
High School DXD Yuto Kba
10%
Bleach Zaraki Kenpachi
10%
Sky High Survival Ain
5%
Shaman King Amidamaru
5%
Noragami Bishamon
5%
The Legend Of Zelda: Skyward Sword Da Ilhoma
5%
Devil May Cry Dante
5%
Bleach Ginjo Kugo
5%
Bleach Jugram Hachwalth
5%
Kill La Kill Kiryuin Satsuki
5%
Bleach Kisuke Urahara
5%
Demon Slave Kyoka Uzen
5%
Bleach Mayuri Kurotsushi
5%
Bleach Oetsu Nimaiya
5%
One Piece Rebecca
5%
Kill La Kill Ryuko Matoi
5%
Kaijin Reijoh Saki Inami
5%
Final Fantasy Sephiroth
5%
Bleach Shunsui Kyoraku
5%
Trone de Fer Syrio Forel
5%
Power Rangers Tommy Oliver
5%
Shaman King Yoh Asakura
5%
Hinowa Ga Crush Yomihime
5%
Trone de Fer Bronn
0%
Samurai Champloo Mugen
0%
The Legend of Zelda: Breath of the Wild Officiers Yigas
0%
D.gray Man Yuu Kanda
0%
Aucun quiz correspondant
Distribution des résultats
% des personnes avec chaque résultat
Percentile par nombre de réponses
Votre historique - résultats
Vous n’avez pas pris ce quiz